| 000 | 00576nam a2200181Ia 4500 | ||
|---|---|---|---|
| 008 | 090630s9999 xx 000 0 und d | ||
| 082 | _b13311 | ||
| 100 | _aकाळे वैजयंती. | ||
| 245 |
_aसार्थक. _cकाळे वैजयंती. |
||
| 260 |
_bराजेंद्र - पुणे. _c1994 |
||
| 300 | _a190 | ||
| 600 | _aकाळे वैजयंती. | ||
| 630 | _aसार्थक. | ||
| 655 | _aकादंबरी. | ||
| 700 | _aकाळे वैजयंती. | ||
| 730 | _aसार्थक. | ||
| 942 | _cBOOK | ||
| 999 |
_c265167 _d265167 |
||